000 00587nam a2200181 i 4500
001 81715
003 ES-MaACL
005 20230906174510.0
007 t|
008 041105q19001999zzz ||||1| spa d
100 1 _aHuxley, Aldous,
_d1894-1963
_964858
245 1 0 _aEsas hojas caídas /
_cpor Aldous Huxley ; [versión castellana, Fernando Calleta].
260 _a[S.l. :
_bSelecciones Airon,
_c[1950?] (
_fSelecciones Gráficas)
300 _a351 p. :
_bil. ;
_c19 cm.
700 1 _aCalleta, Fernando.
_933752
852 _aES-MaACL
_jD-7024
_bR.32291
999 _c81715
_d81715